| 000 | 00703nam a2200253 a 4500 | ||
|---|---|---|---|
| 001 | 55656 | ||
| 003 | BD-RjUL | ||
| 005 | 20211209080310.0 | ||
| 008 | 161120s19631954nyup|||| |||| 001 0 eng d | ||
| 035 | _a(BD-RjUL)55780 | ||
| 040 |
_dBD-RjUL _beng _aBD-RjUL _cBD-RjUL |
||
| 041 | _aeng | ||
| 082 |
_a519.5 _bKEM 1965 _223 |
||
| 100 | 1 |
_aKenney, John F. _921290 |
|
| 245 | 1 | 0 |
_aMathematics of statistics / _cJohn F Kenney |
| 250 | _a3rd ed. | ||
| 260 |
_aNew York : _bVan Nostrand, _cc1954 [ Reprinted 1963]. |
||
| 300 |
_aPt. : _bill. ; _c22 cm. |
||
| 500 | _aIncludes index. | ||
| 505 | 0 | _aPt. 2-- | |
| 650 | 0 |
_aMathematical statistics. _921291 |
|
| 700 | 1 |
_aKeeping, E. S. _921292 |
|
| 942 |
_2ddc _cBK |
||
| 999 |
_c55656 _d55656 |
||